000 00636nam a2200205Ii 4500
003 JO-AjNU
008 230605s9999||||xx |||||||||||||| ||und||
040 _aJO-AjNU
_bara
_erda
_cJO-AjNU
041 _aara
050 1 4 _aRS164.I2622 1994
100 3 _aالغزالي ، محمد عبدالله,
_eauthor
_913036
245 0 0 _aالطب العربي لابن البيطار
250 _aط6
264 3 1 _aبغداد:دار العلم للجميع ، 1994
300 _a247ص
336 _atext
_btxt
_2rdacontent
337 _aunmediated
_bn
_2rdamedia
338 _avolume
_bnc
_2rdacarrier
650 4 _aالطب العربي
_913037
999 _aA3140
_c6708
_d6708